000
00431nam a2200145Ia 4500
008
100122s9999 xx 000 0 und d
082
_b
29967
_a
823
100
_a
मुसळे गोविंद
245
_a
उंच माणसे
260
_b
श्री विशाखा प्रकाशन
_c
1905
300
_a
196
630
_a
उंच माणसे
730
_a
उंच माणसे
942
_c
BOOK
999
_c
415024
_d
415021